Biblioteca

Juan II (Registro nro. 69338)

Detalles MARC
000 -LÍDER
Campo fijo de descripción fija 02492aam a2200361 i 4500
001 - NÚMERO DE CONTROL
Campo de control 768714001
003 - IDENTIFICADOR DEL NÚMERO DE CONTROL
Campo de control CO-MdFUSB
005 - FECHA Y HORA DE LA ULTIMA TRANSACCIÓN
control field 20240416165425.0
007 - CAMPO FIJO DE DESCRIPCIÓN FIJA--INFORMACIÓN GENERAL
Campo fijo de descripción fija cr aa uaaaa
008 - ELEMENTOS DE LONGITUD FIJA -- INFORMACIÓN GENERAL
Campo fijo de descripción fija -- Información general 240416t1995 sp |||| |||| 00| 0 spa d
020 ## - NÚMERO INTERNACIONAL NORMALIZADO PARA LIBROS
Número Internacional Normalizado del libro 9788482677224
Información adicional [electrónico]
040 ## - FUENTE DE CATALOGACIÓN
Agencia que realiza la transcripción CO-MdFUSB
041 0# - CÓDIGO DE IDIOMA
Código de idioma para texto/pista de sonido o título separado spa
082 04 - NÚMERO DE CLASIFICACIÓN DECIMAL DEWEY
Número de clasificación 227
100 ## - ASIENTO PRINCIPAL--NOMBRE PERSONAL
Nombre personal Barclay, William,
Término relacionador autor
245 13 - TÍTULO
Título del Material Juan II
Mención de responsabilidad, etc. / William Barclay
Medio físico [electrónico]
264 #1 - PRODUCCIÓN, PUBLICACIÓN, DISTRIBUCIÓN, MANUFACTURA, Y COPYRIGHT
Nombre del productor, publicador, distribuidor Clie,
Lugar de producción, publicación, distribución, manufactura Barcelona, España :
Fecha de producción, publicación, distribución, manufactura, o copyright [1995]
264 #4 - PRODUCCIÓN, PUBLICACIÓN, DISTRIBUCIÓN, MANUFACTURA, Y COPYRIGHT
Fecha de producción, publicación, distribución, manufactura, o copyright ©1995
300 ## - DESCRIPCIÓN FÍSICA
Extensión 100 páginas
336 ## - TIPO DE CONTENIDO
Fuente rdacontent
Término de tipo de contenido texto
Código de tipo de contenido txt
337 ## - TIPO DE MEDIO
Fuente rdamedia
Nombre del tipo de medio informático
Código del tipo de medio c
338 ## - TIPO DE SOPORTE
Fuente rdacarrier
Nombre del tipo de soporte remoto
Código Tipo de soporte cr
490 ## - MENCIÓN DE SERIE
Mención de serie Comentario al Nuevo Testamento,
505 ## - NOTA DE CONTENIDO
Nota de contenido con formato preestablecido • Miseria y misericordia (7:53 - 8:11). -- La luz que no reconocieron (8:12-20). -- Fatal incomprensión (8:12-30). -- El verdadero discipulado (8:31-32). -- Libertad y esclavitud (8:33-36). -- La auténtica filiación (8:37-41). -- Hijos del diablo (8:41-45). -- Terrible acusación y fe resplandeciente (8:46-50). -- La vida y la gloria (8:51-55). -- La prerrogativa suprema (8:56-59). -- Luz para los ojos ciegos (9:1-5). -- El método de un milagro (9:6-12). -- Prejuicio y convicción (9:13-16). -- El desafío a los fariseos (9:17-34). -- Revelación y condenación (9:35-41). -- Más y más grande (9). -- El pastor y sus ovejas (10:1-6). -- La puerta de la vida (10:7-10)
506 ## - NOTA DE RESTRICCIONES DE ACCESO
Condiciones de acceso Solicitar clave y usuario para acceder al libro electrónico.
520 ## - NOTA DE RESUMEN, ETC.
Nota de sumario, etc. William Barclay fue pastor de la Iglesia de Escocia y profesor de N.T. en la Universidad de Glasgow. Es conocido y apreciado internacionalmente como maestro en el arte de la exposición bíblica. Entre sus más de sesenta obras la que ha alcanzado mayor difusión y reconocimiento en muchos países y lenguas es, sin duda, el Comentario al Nuevo Testamento, que presentamos en esta nueva edición española actualizada. Los 17 volúmenes que componen este comentario han sido libro de texto obligado para los estudiantes de la mayoría de seminarios en numerosos países durante años.
630 07 - TITULO UNIFORME
Título uniforme Biblia.
Nombre de parte o sección de la obra Juan
Subdivisión de materia general Crítica, interpretación, etc.
856 ## - LOCALIZACIÓN Y ACCESO ELECTRÓNICOS
Numero de Acceso 1681849
Identificador Uniforme del Recurso <a href="https://web.p.ebscohost.com/ehost/detail/detail?vid=26&sid=f515e641-face-4d34-a4fc-915c33aac769%40redis&bdata=Jmxhbmc9ZXMmc2l0ZT1laG9zdC1saXZl#db=nlebk&AN=1681849">https://web.p.ebscohost.com/ehost/detail/detail?vid=26&sid=f515e641-face-4d34-a4fc-915c33aac769%40redis&bdata=Jmxhbmc9ZXMmc2l0ZT1laG9zdC1saXZl#db=nlebk&AN=1681849</a>
Nota dirigida al público <a href="Abrir Versión electrónica del libro AQUÍ">Abrir Versión electrónica del libro AQUÍ</a>
942 ## - TIPO DE MATERIAL (KOHA)
Tipo de Item KOHA Libro electrónico
945 ## - INFORMACIÓN LOCAL DEL REGISTRO
Catalogador JTF-925
Existencias
Estado de Material Estado de Perdido Forma de Clasificación Estado de Dañado No para Préstamo Colección Biblioteca de Origen Biblioteca Permanente Ubicación en Estantería Fecha de Adquisición Área Total de Préstamos Signatura Topográfica Código de Barras Última vez visto Ejemplar/Existencia Url Fecha de Remplazo Tipo de Material
    Dewey Decimal Classification     Colección Libros Electrónicos Biblioteca FUSBC Biblioteca FUSBC Libro electrónico 16/04/2024 BIBLIA   EBSCO ID1681849 16/04/2024 Ej. 1 https://bit.ly/4asPWYp 16/04/2024 Libro electrónico

Biblioteca FUSBC | Teléfono: (57+4) 349 88 10 Ext. 141| WhatsApp (+57) 3005338115 
E-mail: biblioteca@unisbc.edu.co | Calle 76 87-14 Robledo Palenque, Medellín, Colombia

Con tecnología Koha